书目信息 |
| 题名: |
地质勘查与资源利用
|
|
| 作者: | 王金山 , 邢文进 , 周伟伟 著 | |
| 分册: | ||
| 出版信息: | 长春 吉林科学技术出版社 2022.04 |
|
| 页数: | 202页 | |
| 开本: | 26cm | |
| 丛书名: | ||
| 单 册: | ||
| 中图分类: | P624 , P5 | |
| 科图分类: | ||
| 主题词: | 地质勘探--di zhi kan tan--基本知识 , 地质--di zhi--资源利用--基本知识 | |
| 电子资源: | ||
| ISBN: | 978-7-5578-9311-8 | |
| 000 | 01122nam0 2200289 450 | |
| 001 | CAL 012022036514 | |
| 005 | 20230217093112.0 | |
| 010 | @a978-7-5578-9311-8@dCNY68.00 | |
| 100 | @a20221020d2022 em y0chiy0120 ea | |
| 101 | 0 | @achi |
| 102 | @aCN@b220000 | |
| 105 | @ay a 000yy | |
| 106 | @ar | |
| 200 | 1 | @a地质勘查与资源利用@Adi zhi kan cha yu zi yuan li yong@f王金山, 邢文进, 周伟伟著 |
| 210 | @a长春@c吉林科学技术出版社@d2022.04 | |
| 215 | @a202页@d26cm | |
| 320 | @a有书目 (第200-202页) | |
| 330 | @a本书简单介绍了地质勘查与生态资源利用方面的基本知识 ; 重点阐述了详查及勘探、土壤等资源和固体废弃物监测技术, 以适应现代地质勘查与资源优化研究的发展现状和趋势。本书内容包括: 地质的基础理论 ; 地质物理的勘查 ; 地质的化学勘查 ; 地质矿产的勘查过程 ; 地质勘查的技术创新与发展等。 | |
| 606 | 0 | @a地质勘探@Adi zhi kan tan@x基本知识 |
| 606 | 0 | @a地质@Adi zhi@x资源利用@x基本知识 |
| 690 | @aP624@v5 | |
| 690 | @aP5@v5 | |
| 701 | 0 | @a王金山@Awang jin shan@4著 |
| 701 | 0 | @a邢文进@Axing wen jin@4著 |
| 701 | 0 | @a周伟伟@Azhou wei wei@4著 |
| 801 | 0 | @aCN@bBJXHZP@c20230228 |
| 905 | @b1386563-6@dP624@e170@f4 | |
| 地质勘查与资源利用/王金山, 邢文进, 周伟伟著.-长春:吉林科学技术出版社,2022.04 |
| 202页;26cm |
| ISBN 978-7-5578-9311-8:CNY68.00 |
| 本书简单介绍了地质勘查与生态资源利用方面的基本知识 ; 重点阐述了详查及勘探、土壤等资源和固体废弃物监测技术, 以适应现代地质勘查与资源优化研究的发展现状和趋势。本书内容包括: 地质的基础理论 ; 地质物理的勘查 ; 地质的化学勘查 ; 地质矿产的勘查过程 ; 地质勘查的技术创新与发展等。 |
| ● |
| 相关链接 |
|
|
|
|
正题名:地质勘查与资源利用
索取号:P624/170
 
预约/预借
| 序号 | 登录号 | 条形码 | 馆藏地/架位号 | 状态 | 备注 |
| 1 | 1386563 | 213865637 | 第二样本阅览室/ [索取号:P624/170] | 在馆 | |
| 2 | 1386564 | 213865646 | 第三借阅区/ [索取号:P624/170] | 在馆 | |
| 3 | 1386565 | 213865655 | 第三借阅区/ [索取号:P624/170] | 在馆 | |
| 4 | 1386566 | 213865664 | 第三借阅区/ [索取号:P624/170] | 在馆 |